[Event "GER-ch 94th"]
[Site "Ostfildern"]
[Date "2023.08.17"]
[Round "5"]
[White "Ronge, Tim Hendrick"]
[Black "Weishaeutel, Moritz"]
[Result "1-0"]
[WhiteElo "2273"]
[BlackElo "2427"]
[PlyCount "115"]
[EventDate "2023.08.14"]
[EventType "swiss"]
[EventRounds "9"]
[EventCountry "GER"]
[SourceTitle "CBM 215 Extra"]
[Source "ChessBase"]
[SourceDate "2023.09.30"]
[SourceVersion "1"]
[SourceVersionDate "2023.09.30"]
[SourceQuality "1"]

1. c4 e6 2. g3 d5 3. Bg2 c5 4. Nf3 Nc6 5. 0-0 d4 6. e3 Nf6 7. exd4 cxd4 8. d3 h6 9. Bf4 Nd7 10. Na3 Bc5 11. Nc2 0-0 12. a3 e5 13. Bd2 Bd6 14. Bb4 Nf6 15. Bxd6 Qxd6 16. Re1 Bg4 17. h3 Bh5 18. b4 Rfe8 19. b5 Na5 20. Nb4 Rad8 21. g4 Bg6 22. Qa4 b6 23. Nd2 h5 24. g5 Nd7 25. Qc2 Nc5 26. Rad1 Bf5 27. h4 Qg6 28. Ne4 Bxe4 29. Bxe4 Nxe4 30. Rxe4 f6 31. f3 Rd6 32. Kh1 Qf5 33. Qg2 fxg5 34. hxg5 Rg6 35. f4 Ree6 36. Rf1 Nb3 37. Nc6 Nc5 38. Rxe5 Rxe5 39. Nxe5 Rd6 40. Qf3 Ne6 41. Nc6 Rd7 42. Ne5 Rd8 43. Nc6 Rd7 44. Rf2 Rf7 45. g6 Rd7 46. Re2 Nf8 47. Ne7+ Rxe7 48. Rxe7 Nxg6 49. Re4 Qc5 50. f5 Nf8 51. f6 g6 52. Re8 Qxa3 53. Qd5+ Kh8 54. Qxd4 Qc1+ 55. Qg1 Qa3 56. Qxg6 Qa1+ 57. Kg2 Qb2+ 58. Kh3 1-0

[Event "GER-ch 94th"]
[Site "Ostfildern"]
[Date "2023.08.16"]
[Round "4"]
[White "Malek, Daniel"]
[Black "Ronge, Tim Hendrick"]
[Result "0-1"]
[WhiteElo "2321"]
[BlackElo "2273"]
[PlyCount "78"]
[EventDate "2023.08.14"]
[EventType "swiss"]
[EventRounds "9"]
[EventCountry "GER"]
[SourceTitle "CBM 215 Extra"]
[Source "ChessBase"]
[SourceDate "2023.09.30"]
[SourceVersion "1"]
[SourceVersionDate "2023.09.30"]
[SourceQuality "1"]

1. c4 e6 2. Nc3 Bb4 3. Qb3 c5 4. a3 Ba5 5. Ne4 Nf6 6. Nxc5 Nc6 7. Nf3 0-0 8. e3 Qe7 9. Na4 e5 10. Be2 e4 11. Nd4 Qe5 12. Qb5 Qc7 13. b4 a6 14. Qg5 Nxd4 15. exd4 Bb6 16. Nxb6 Qxb6 17. d5 h6 18. Qe3 Qd8 19. Bb2 b5 20. cxb5 axb5 21. Bxb5 Bb7 22. d6 Ne8 23. Be5 f6 24. Bg3 f5 25. Be5 f4 26. Qd4 Rc8 27. g3 e3 28. 0-0 exd2 29. Bxf4 Rf5 30. a4 Nf6 31. Bxd2 Qe8 32. Rac1 Rxc1 33. Rxc1 Qh5 34. Rc7 Rxb5 35. Qc4+ Bd5 36. Rc8+ Kh7 37. Qxb5 Qd1+ 38. Qf1 Qf3 39. Qb1+ g6 0-1

[Event "Rheinland Pfalz op 13th"]
[Site "Engers"]
[Date "2023.06.09"]
[Round "3"]
[White "Engemann, Till"]
[Black "Ronge, Tim Hendrick"]
[Result "0-1"]
[WhiteElo "2069"]
[BlackElo "2266"]
[PlyCount "82"]
[EventDate "2023.06.08"]
[EventType "swiss"]
[EventRounds "7"]
[EventCountry "GER"]
[SourceTitle "CBM 214 Extra"]
[Source "ChessBase"]
[SourceDate "2023.07.31"]
[SourceVersion "1"]
[SourceVersionDate "2023.07.31"]
[SourceQuality "1"]

1. d4 Nf6 2. c4 e6 3. Nc3 Bb4 4. Qc2 d5 5. cxd5 exd5 6. Bg5 h6 7. Bh4 Nc6 8. e3 g5 9. Bg3 h5 10. h4 Ne4 11. Bh2 Qe7 12. Bd3 Nxd4 13. exd4 Nxc3+ 14. Kf1 Ne4 15. Nf3 g4 16. Ne5 Bf5 17. Bf4 f6 18. Bb5+ Kf8 19. Nd3 c6 20. Ba4 Bd6 21. Re1 Re8 22. Qc1 Qd7 23. Bc2 Kg7 24. g3 Re7 25. Kg2 Rhe8 26. Bxd6 Nxd6 27. Nc5 Qc8 28. Rxe7+ Rxe7 29. Re1 Qe8 30. Rxe7+ Qxe7 31. Bxf5 Nxf5 32. Qf4 Kg6 33. Qb8 b6 34. Qg8+ Qg7 35. Qxg7+ Nxg7 36. Nb3 Kf5 37. f3 gxf3+ 38. Kxf3 Ne6 39. a4 a5 40. g4+ hxg4+ 41. Kg3 Nf4 0-1

[Event "Pfalz op-A 11th"]
[Site "Neustadt an der Weinstrasse"]
[Date "2020.02.24"]
[Round "7"]
[White "Ziegenfuss, Antonia"]
[Black "Ronge, Tim Hendrick"]
[Result "1/2-1/2"]
[WhiteElo "2065"]
[BlackElo "2220"]
[PlyCount "62"]
[EventDate "2020.02.21"]
[EventType "swiss"]
[EventRounds "9"]
[EventCountry "GER"]
[SourceTitle "CBM 195 Extra"]
[Source "ChessBase"]
[SourceDate "2020.05.31"]
[SourceVersion "1"]
[SourceVersionDate "2020.05.31"]
[SourceQuality "1"]

1. d4 Nf6 2. c4 g6 3. Nc3 d5 4. cxd5 Nxd5 5. e4 Nxc3 6. bxc3 Bg7 7. Qa4+ Nd7 8. Nf3 0-0 9. Be2 c5 10. 0-0 b6 11. Rd1 Qc7 12. Bg5 Nf6 13. e5 Ne4 14. Qb3 Nxg5 15. Nxg5 h6 16. Ne4 Bb7 17. Bf3 cxd4 18. cxd4 Rac8 19. a4 Rfd8 20. Qe3 Qd7 21. g3 Rc4 22. Nc5 bxc5 23. dxc5 Rxa4 24. Rac1 Rd4 25. Rxd4 Qxd4 26. Qxd4 Rxd4 27. Bxb7 Bxe5 28. Re1 Bf6 29. Rc1 Be5 30. Re1 Bf6 31. Rc1 Be5 1/2-1/2

[Event "Oberliga Sued W 1920"]
[Site "Germany"]
[Date "2020.01.19"]
[Round "5.5"]
[White "Ronge, Tim Hendrick"]
[Black "Faldum, Manfred"]
[Result "1-0"]
[WhiteElo "2167"]
[BlackElo "2051"]
[PlyCount "89"]
[EventDate "2019.09.29"]
[EventType "team-tourn"]
[EventRounds "9"]
[EventCountry "GER"]
[SourceTitle "EXT 2021"]
[Source "ChessBase"]
[SourceDate "2020.10.23"]
[SourceVersion "1"]
[SourceVersionDate "2020.10.23"]
[SourceQuality "1"]

1. d4 g6 2. c4 Bg7 3. e4 d6 4. Nc3 Nf6 5. f3 0-0 6. Be3 a6 7. Nge2 Nbd7 8. Qd2 b5 9. cxb5 axb5 10. Nxb5 c6 11. Nbc3 e5 12. Rd1 d5 13. exd5 cxd5 14. Nc1 e4 15. Be2 Nb6 16. b3 exf3 17. Bxf3 Ne4 18. Bxe4 dxe4 19. 0-0 Nd5 20. Nxd5 Qxd5 21. Ne2 Ba6 22. Nf4 Qd6 23. Rfe1 Rfd8 24. d5 Rac8 25. Rc1 Be5 26. Red1 g5 27. Nh5 Bxh2+ 28. Kh1 h6 29. Rc6 Rxc6 30. dxc6 Qxd2 31. Rxd2 Rxd2 32. Nf6+ Kg7 33. Bxd2 Kxf6 34. Kxh2 Ke5 35. a4 f5 36. b4 Kd6 37. b5 Bc8 38. Bb4+ Kc7 39. a5 f4 40. Bc3 f3 41. Be5+ Kd8 42. gxf3 e3 43. Kg1 g4 44. fxg4 Bxg4 45. a6 1-0

[Event "GER-ch U25-A"]
[Site "Willingen"]
[Date "2019.06.13"]
[Round "7"]
[White "Ronge, Tim Hendrick"]
[Black "Kracht, Raphael"]
[Result "1-0"]
[WhiteElo "2143"]
[BlackElo "1976"]
[PlyCount "53"]
[EventDate "2019.06.08"]
[EventType "swiss"]
[EventRounds "9"]
[EventCountry "GER"]
[SourceTitle "CBM 191 Extra"]
[Source "ChessBase"]
[SourceDate "2019.09.30"]
[SourceVersion "1"]
[SourceVersionDate "2019.09.30"]
[SourceQuality "1"]

1. d4 Nf6 2. c4 e6 3. Nc3 Bb4 4. e3 b6 5. Nge2 c5 6. a3 Ba5 7. Rb1 Qe7 8. Bd2 d5 9. b4 cxb4 10. axb4 Bxb4 11. Qa4+ Bd7 12. Qxb4 Qxb4 13. Rxb4 Nc6 14. Rb1 dxc4 15. Nb5 0-0 16. Nd6 e5 17. Nxc4 Bf5 18. Rc1 exd4 19. Nxd4 Nxd4 20. exd4 Rad8 21. Be3 Rfe8 22. Be2 Nd5 23. 0-0 b5 24. Ne5 b4 25. Bc4 Be6 26. Nc6 Rc8 27. Bxd5 1-0

[Event "GER-ch U25-A"]
[Site "Willingen"]
[Date "2019.06.12"]
[Round "6"]
[White "Schlick, Stefan"]
[Black "Ronge, Tim Hendrick"]
[Result "1/2-1/2"]
[WhiteElo "2017"]
[BlackElo "2143"]
[PlyCount "50"]
[EventDate "2019.06.08"]
[EventType "swiss"]
[EventRounds "9"]
[EventCountry "GER"]
[SourceTitle "CBM 191 Extra"]
[Source "ChessBase"]
[SourceDate "2019.09.30"]
[SourceVersion "1"]
[SourceVersionDate "2019.09.30"]
[SourceQuality "1"]

1. d4 Nf6 2. c4 g6 3. Nc3 d5 4. Nf3 Bg7 5. e3 0-0 6. b4 a5 7. b5 c6 8. a4 Ne4 9. Bb2 Bg4 10. h3 Bxf3 11. Qxf3 e5 12. cxd5 cxd5 13. Nxe4 dxe4 14. Qxe4 exd4 15. Rd1 Qd6 16. Rxd4 Bxd4 17. Qxd4 Qxd4 18. Bxd4 Nd7 19. g3 Rac8 20. Bg2 b6 21. Bc6 Nb8 22. Bf3 Nd7 23. Bc6 Nb8 24. Bf3 Nd7 25. Bc6 Nb8 1/2-1/2

[Event "GER-ch U25-A"]
[Site "Willingen"]
[Date "2019.06.10"]
[Round "3"]
[White "Ronge, Tim Hendrick"]
[Black "Gerlach, Felix Tobias"]
[Result "0-1"]
[WhiteElo "2143"]
[BlackElo "2079"]
[PlyCount "164"]
[EventDate "2019.06.08"]
[EventType "swiss"]
[EventRounds "9"]
[EventCountry "GER"]
[SourceTitle "CBM 191 Extra"]
[Source "ChessBase"]
[SourceDate "2019.09.30"]
[SourceVersion "1"]
[SourceVersionDate "2019.09.30"]
[SourceQuality "1"]

1. d4 Nf6 2. c4 c5 3. d5 e6 4. Nc3 exd5 5. cxd5 d6 6. e4 g6 7. Nge2 Bg7 8. Ng3 h5 9. Be2 0-0 10. 0-0 a6 11. a4 h4 12. Nh1 Nh7 13. Be3 Nd7 14. f3 Qe7 15. Qd2 Ne5 16. Nf2 f5 17. exf5 Bxf5 18. Nfe4 Rae8 19. Bh6 Bxh6 20. Qxh6 Nf7 21. Qd2 Nfg5 22. Rae1 Bxe4 23. Bd3 Qg7 24. Bxe4 Qd4+ 25. Qxd4 cxd4 26. Nb1 Nxe4 27. fxe4 Rxf1+ 28. Kxf1 Nf6 29. Nd2 Ng4 30. Nc4 Rd8 31. Ke2 Nxh2 32. Kd3 g5 33. Kxd4 Ng4 34. Rf1 Kg7 35. a5 Kg6 36. Rf3 Nf6 37. Re3 g4 38. Nd2 Rh8 39. Re2 h3 40. gxh3 gxh3 41. Nf3 Ng4 42. Rc2 h2 43. Nxh2 Rxh2 44. Rc7 Rxb2 45. Rd7 Rb4+ 46. Kc3 Rb5 47. Rxd6+ Kg5 48. Rd7 Kf4 49. d6 Kxe4 50. Re7+ Ne5 51. d7 Rd5 52. d8Q Rxd8 53. Rxb7 Rd5 54. Rb4+ Ke3 55. Rb6 Rxa5 56. Kb4 Ra1 57. Re6 Kd4 58. Rd6+ Ke4 59. Kc5 Rc1+ 60. Kb4 Rc6 61. Rd8 Nd3+ 62. Ka5 Nc5 63. Rd1 Nb3+ 64. Kb4 Nd4 65. Ka5 Nb3+ 66. Kb4 Rb6+ 67. Ka3 Nc5 68. Ka2 Nd3 69. Ka3 Ke3 70. Ka4 Ke2 71. Ka5 Rc6 72. Rb1 Ne5 73. Ka4 Kd2 74. Rh1 Nd3 75. Ka5 Kc2 76. Rh8 Kc3 77. Rh4 Rd6 78. Rg4 Ne5 79. Rg8 Nc6+ 80. Ka4 Rd4+ 81. Ka3 a5 82. Rc8 Rc4 0-1

[Event "Pfalz op 10th"]
[Site "Neustadt an der Weinstrasse"]
[Date "2019.03.05"]
[Round "8"]
[White "Degenhard, Simon"]
[Black "Ronge, Tim Hendrick"]
[Result "1-0"]
[WhiteElo "2259"]
[BlackElo "2097"]
[PlyCount "109"]
[EventDate "2019.03.01"]
[EventType "swiss"]
[EventRounds "9"]
[EventCountry "GER"]
[SourceTitle "CBM 189 Extra"]
[Source "ChessBase"]
[SourceDate "2019.06.03"]
[SourceVersion "1"]
[SourceVersionDate "2019.06.03"]
[SourceQuality "1"]

1. e4 c5 2. Nf3 Nc6 3. d4 cxd4 4. Nxd4 Nf6 5. Na3 e5 6. Ndb5 d6 7. Bg5 a6 8. Nc3 b5 9. Bxf6 gxf6 10. Nd5 Bg7 11. Bd3 Ne7 12. Nxe7 Qxe7 13. Qf3 0-0 14. 0-0 Be6 15. c4 bxc4 16. Bxc4 Qb7 17. b3 f5 18. Bd5 Bxd5 19. exd5 f4 20. Rac1 Qb4 21. Nc4 Rac8 22. a3 Qc5 23. b4 Qc7 24. Qd1 e4 25. Qg4 f3 26. gxf3 exf3 27. Qxf3 Kh8 28. Kh1 Qe7 29. Rce1 Qd8 30. Na5 Rc2 31. Qf5 Rd2 32. Rd1 Re2 33. Qf3 Rfe8 34. Nc6 Qh4 35. a4 Bh6 36. Nd4 Bf4 37. h3 R8e3 38. fxe3 Rh2+ 39. Kg1 Rxh3 40. Qxf4 Rg3+ 41. Kf2 Rg4+ 42. Ke2 Rxf4 43. Rxf4 Qh2+ 44. Rf2 Qh5+ 45. Nf3 Qf5 46. Rd4 Qc2+ 47. Nd2 Qxa4 48. Rxf7 a5 49. bxa5 Qxa5 50. Rc4 Kg8 51. Re7 Qb5 52. Kf2 Qb8 53. Rcc7 Qf8+ 54. Ke2 h5 55. Ne4 1-0